[Event "Belgrade-chT"]
[Site "Belgrade"]
[Date "2017.10.28"]
[Round "8.2"]
[White "Podinic, Bojan"]
[Black "Veljkovic, Dragoljub"]
[Result "1-0"]
[WhiteElo "2250"]
[BlackElo "2174"]
[PlyCount "63"]
[EventDate "2017.10.01"]
[EventType "team-tourn"]
[EventRounds "11"]
[EventCountry "SRB"]
[SourceTitle "CBM 181 Extra"]
[Source "ChessBase"]
[SourceDate "2017.12.12"]
[SourceVersion "1"]
[SourceVersionDate "2017.12.12"]
[SourceQuality "1"]
[WhiteTeam "GSP Polet"]
[BlackTeam "Nis Jugopetrol"]
[WhiteTeamCountry "SRB"]
[BlackTeamCountry "SRB"]

1. e4 c5 2. Nf3 Nc6 3. c3 Nf6 4. e5 Nd5 5. d4 cxd4 6. Bc4 e6 7. 0-0 Be7 8. cxd4 Nb6 9. Bb3 d6 10. Qe2 0-0 11. Nc3 d5 12. Bc2 f5 13. exf6 Bxf6 14. Rd1 a6 15. a3 Bd7 16. Ne5 Nxe5 17. dxe5 Be7 18. Qh5 Rf5 19. Bxf5 exf5 20. Nxd5 Nxd5 21. Rxd5 Qc7 22. Bg5 Bxg5 23. Qxg5 Be6 24. Rd6 Re8 25. Rc1 Qa5 26. Qe3 Qb5 27. b4 Bc4 28. f4 Be6 29. Qd4 h6 30. h3 Qe2 31. Rc7 Qa2 32. Rd8 1-0

[Event "Belgrade-chT"]
[Site "Belgrade"]
[Date "2017.10.15"]
[Round "5.2"]
[White "Veljkovic, Dragoljub"]
[Black "Savic, Mihailo S"]
[Result "0-1"]
[WhiteElo "2174"]
[BlackElo "2129"]
[PlyCount "104"]
[EventDate "2017.10.01"]
[EventType "team-tourn"]
[EventRounds "11"]
[EventCountry "SRB"]
[SourceTitle "CBM 181 Extra"]
[Source "ChessBase"]
[SourceDate "2017.12.12"]
[SourceVersion "1"]
[SourceVersionDate "2017.12.12"]
[SourceQuality "1"]
[WhiteTeam "Nis Jugopetrol"]
[BlackTeam "Vidikovac"]
[WhiteTeamCountry "SRB"]
[BlackTeamCountry "SRB"]

1. d4 Nf6 2. c4 e6 3. Nc3 Bb4 4. e3 0-0 5. Nf3 b6 6. Bd3 Bb7 7. Qc2 d5 8. 0-0 Nbd7 9. a3 Bxc3 10. bxc3 h6 11. cxd5 exd5 12. Ne5 Nxe5 13. dxe5 Ne4 14. Bb2 Nc5 15. Be2 Qe7 16. f4 Rfd8 17. c4 dxc4 18. Bxc4 Be4 19. Qe2 Bf5 20. Rad1 Rxd1 21. Rxd1 Rd8 22. Rd4 Be6 23. f5 Bxf5 24. e6 Bxe6 25. Bxe6 Nxe6 26. Rd3 Rxd3 27. Qxd3 Qd6 28. Qe2 Qd5 29. h3 Qe4 30. Kh2 a5 31. Qd2 Kh7 32. Qc3 c5 33. Qb3 Qc6 34. a4 c4 35. Qd1 Kg8 36. Kh1 Qe4 37. Qd2 Qd3 38. Qe1 Qc2 39. Bd4 Qb3 40. Qd2 Qb1+ 41. Kh2 Qd3 42. Qb2 Nxd4 43. exd4 c3 44. Qxb6 Qc4 45. Qb8+ Kh7 46. Qb1+ c2 47. Qc1 Qd3 48. Qf4 f5 49. g4 Qe4 50. Qd2 f4 51. d5 Qc4 52. Qc1 Qe2+ 0-1

[Event "Belgrade-chT Quality"]
[Site "Belgrade"]
[Date "2015.10.03"]
[Round "1"]
[White "Veljkovic, Dragoljub"]
[Black "Landup, Darko"]
[Result "1-0"]
[WhiteElo "2168"]
[BlackElo "2205"]
[PlyCount "77"]
[EventDate "2015.10.03"]
[EventType "team-tourn"]
[EventRounds "11"]
[EventCountry "SRB"]
[SourceTitle "EXT 2018"]
[Source "ChessBase"]
[SourceDate "2017.10.13"]
[SourceVersion "1"]
[SourceVersionDate "2017.10.13"]
[SourceQuality "1"]

1. d4 Nf6 2. c4 d6 3. Nf3 g6 4. Nc3 Bg7 5. e4 0-0 6. Be2 e5 7. 0-0 Nc6 8. d5 Ne7 9. Ne1 c5 10. a3 Ne8 11. b4 f5 12. bxc5 dxc5 13. Nd3 b6 14. f3 Nd6 15. Nf2 Bd7 16. a4 a6 17. Qb3 Kh8 18. a5 b5 19. Be3 Qc7 20. Rfc1 b4 21. Na4 Bxa4 22. Qxa4 Rfc8 23. Nd3 Nb7 24. Rd1 Rd8 25. Rd2 Rac8 26. Bf1 Ng8 27. Re2 Nf6 28. Bf2 Nd7 29. exf5 gxf5 30. Bg3 Re8 31. Rae1 Nxa5 32. d6 Qd8 33. Nxe5 Nxe5 34. d7 f4 35. Bh4 Nxf3+ 36. gxf3 Rg8 37. Bg2 Bd4+ 38. Kh1 Qxh4 39. dxc8Q 1-0

[Event "Belgrade-chT"]
[Site "Belgrade"]
[Date "2014.11.05"]
[Round "13"]
[White "Veljkovic, Dragoljub"]
[Black "Ristic, Bozidar"]
[Result "1/2-1/2"]
[WhiteElo "2170"]
[BlackElo "2137"]
[PlyCount "66"]
[EventDate "2014.10.04"]
[EventType "team-tourn"]
[EventRounds "13"]
[EventCountry "SRB"]
[SourceTitle "EXT 2015"]
[Source "ChessBase"]
[SourceDate "2014.11.20"]
[SourceVersion "1"]
[SourceVersionDate "2014.11.20"]
[SourceQuality "1"]

1. d4 d5 2. Nf3 Bf5 3. c4 c6 4. e3 e6 5. Nc3 Nf6 6. Be2 Nbd7 7. 0-0 Bd6 8. b3 Bg6 9. Bb2 0-0 10. cxd5 exd5 11. Nh4 Ne4 12. Nxg6 Nxc3 13. Bxc3 hxg6 14. Bd3 Qe7 15. Qc2 f5 16. Rae1 Nf6 17. f4 Rae8 18. Rf3 Kf7 19. h3 Ne4 20. Bxe4 Qxe4 21. Qxe4 Rxe4 22. g4 Rfe8 23. Kf2 Be7 24. g5 Bd6 25. h4 Rh8 26. Rh1 Rh5 27. b4 Ke6 28. Bd2 Kd7 29. Rfh3 Re8 30. Kf3 Kc7 31. Rc1 Kb6 32. a4 a6 33. Rhh1 Reh8 1/2-1/2

[Event "Belgrade-chT"]
[Site "Belgrade"]
[Date "2014.10.12"]
[Round "4"]
[White "Veljkovic, Dragoljub"]
[Black "Kuzmanovic, Aleksa"]
[Result "1/2-1/2"]
[WhiteElo "2170"]
[BlackElo "1813"]
[PlyCount "67"]
[EventDate "2014.10.04"]
[EventType "team-tourn"]
[EventRounds "13"]
[EventCountry "SRB"]
[SourceTitle "EXT 2015"]
[Source "ChessBase"]
[SourceDate "2014.11.20"]
[SourceVersion "1"]
[SourceVersionDate "2014.11.20"]
[SourceQuality "1"]

1. d4 Nf6 2. Nf3 g6 3. c4 Bg7 4. Nc3 d5 5. Bg5 Ne4 6. cxd5 Nxc3 7. bxc3 Qxd5 8. Bf4 Qa5 9. Qd2 0-0 10. e3 c5 11. Rb1 a6 12. Bd3 Rd8 13. Ne5 cxd4 14. cxd4 Qxd2+ 15. Kxd2 f6 16. Nc4 Nd7 17. Bc7 Re8 18. a4 b5 19. axb5 axb5 20. Rxb5 Ba6 21. Ra5 Rec8 22. Rha1 Bb7 23. Rxa8 Bxa8 24. Bg3 Bxg2 25. Ra7 Bh3 26. e4 e5 27. d5 Nc5 28. Ne3 Nxd3 29. Kxd3 g5 30. f3 Bf8 31. Ra6 Kf7 32. Ra7+ Kg8 33. Ra6 Kf7 34. Ra7+ 1/2-1/2

[Event "Belgrade-chT Quality"]
[Site "Belgrade"]
[Date "2012.10.21"]
[Round "4.2"]
[White "Radovic, Goran"]
[Black "Veljkovic, Dragoljub"]
[Result "0-1"]
[WhiteElo "2012"]
[BlackElo "2137"]
[PlyCount "116"]
[EventDate "2012.10.13"]
[EventType "team-tourn"]
[EventRounds "11"]
[EventCountry "SRB"]
[SourceTitle "EXT 2019"]
[Source "ChessBase"]
[SourceDate "2018.10.10"]
[SourceVersion "1"]
[SourceVersionDate "2018.10.10"]
[SourceQuality "1"]

1. e4 c5 2. Nf3 Nc6 3. d4 cxd4 4. Nxd4 Nf6 5. Nc3 e5 6. Ndb5 d6 7. Bg5 a6 8. Na3 b5 9. Nd5 Be7 10. Bxf6 Bxf6 11. c3 0-0 12. Nc2 Bg5 13. Be2 Ne7 14. Nce3 Bxe3 15. Nxe3 Bb7 16. Bf3 Qd7 17. Qb3 Bc6 18. Rd1 Rad8 19. 0-0 Qb7 20. Qb4 Qc7 21. Qb3 Kh8 22. Rd2 g6 23. Qd1 f5 24. exf5 e4 25. Bg4 gxf5 26. Bh3 f4 27. Nc2 f3 28. g3 Bd7 29. g4 Rf6 30. Rd5 Nxd5 31. Qxd5 Qc4 32. Rd1 Qxd5 33. Rxd5 Rh6 34. Bf1 Bxg4 35. Ne3 Be6 36. Rg5 Bxa2 37. h3 Rg6 38. Rxg6 hxg6 39. h4 d5 40. Nc2 Kg7 41. Nd4 Kf6 42. Kh2 Bc4 43. Bh3 Rd6 44. Kg3 a5 45. Kf4 b4 46. cxb4 axb4 47. b3 Bd3 48. Bc8 Ba6 49. Bg4 Bb7 50. h5 gxh5 51. Bxh5 Ra6 52. Be8 Ra1 53. Bb5 Ra2 54. Nf5 Rxf2 55. Nd6 Ba8 56. Ne8+ Ke7 57. Nc7 Bb7 58. Ke3 Rb2 0-1

[Event "SRB-chT quality"]
[Site "Belgrade"]
[Date "2010.10.28"]
[Round "8"]
[White "Veljkovic, Dragoljub"]
[Black "Popovic, Andrija"]
[Result "0-1"]
[WhiteElo "2180"]
[BlackElo "2258"]
[PlyCount "100"]
[EventDate "2010.10.09"]
[EventType "team-tourn"]
[EventRounds "11"]
[EventCountry "YUG"]
[SourceTitle "EXT 2011"]
[Source "ChessBase"]
[SourceDate "2010.11.26"]
[SourceVersion "1"]
[SourceVersionDate "2010.11.26"]
[SourceQuality "1"]

1. d4 Nf6 2. Nf3 g6 3. c4 b6 4. g3 Bg7 5. Bg2 0-0 6. 0-0 Ba6 7. Qc2 Bb7 8. Nc3 d6 9. e4 Nc6 10. d5 Nb4 11. Qd1 a5 12. a3 Na6 13. Rb1 Nc5 14. Ne1 Nfd7 15. f4 e6 16. Be3 Qe7 17. Bd4 exd5 18. Bxg7 Kxg7 19. cxd5 Nf6 20. Qd4 Nb3 21. Qd1 a4 22. Nxa4 Rxa4 23. Qxb3 Rxe4 24. Bxe4 Qxe4 25. Qd3 Qe7 26. Nf3 Bxd5 27. Rbe1 Be4 28. Qc3 c5 29. Ng5 Kg8 30. f5 d5 31. fxg6 fxg6 32. Nxe4 Nxe4 33. Rxf8+ Qxf8 34. Qe3 Qd6 35. Rd1 Qe5 36. b4 d4 37. Qf3 Ng5 38. Qd3 Qd5 39. h4 c4 40. Qe2 Nf3+ 41. Kf2 Ne5 42. Kg1 d3 43. Qf2 c3 44. Qxb6 c2 45. Rf1 Nf3+ 46. Kg2 Nd2+ 47. Kg1 Nxf1 48. Qb8+ Kg7 49. Qc7+ Qf7 50. Qe5+ Qf6 0-1

[Event "SRB-chT quality"]
[Site "Belgrade"]
[Date "2010.10.23"]
[Round "5"]
[White "Milicevic, Aleksa"]
[Black "Veljkovic, Dragoljub"]
[Result "1/2-1/2"]
[WhiteElo "2206"]
[BlackElo "2180"]
[PlyCount "88"]
[EventDate "2010.10.09"]
[EventType "team-tourn"]
[EventRounds "11"]
[EventCountry "YUG"]
[SourceTitle "EXT 2011"]
[Source "ChessBase"]
[SourceDate "2010.11.26"]
[SourceVersion "1"]
[SourceVersionDate "2010.11.26"]
[SourceQuality "1"]

1. d4 Nf6 2. c4 d6 3. Nf3 g6 4. g3 Bg7 5. Bg2 0-0 6. Nc3 Nbd7 7. 0-0 e5 8. e4 a6 9. h3 b5 10. cxb5 axb5 11. Re1 b4 12. Nd5 c5 13. dxc5 dxc5 14. Bg5 h6 15. Be3 Bb7 16. Nxf6+ Bxf6 17. Bxh6 Re8 18. a3 bxa3 19. Rxa3 Rxa3 20. bxa3 Qc7 21. Nd2 Nf8 22. Bxf8 Rxf8 23. Qc2 Rd8 24. h4 Bg7 25. Nb3 c4 26. Nd2 Qa5 27. Rd1 Ba6 28. Bf1 c3 29. Nc4 Bxc4 30. Rxd8+ Qxd8 31. Bxc4 Qd4 32. Bb3 Bf8 33. a4 Bc5 34. Qe2 Kg7 35. Qf3 f6 36. Qe2 Qb4 37. Bc2 Qb2 38. Kg2 Qb7 39. Kg1 Bd4 40. a5 Qc7 41. a6 Qc5 42. Kg2 Qc6 43. Kg1 Qc5 44. Kg2 Qc6 1/2-1/2

[Event "SRB-chT quality"]
[Site "Belgrade"]
[Date "2010.10.16"]
[Round "3"]
[White "Adamovic, Strahinja"]
[Black "Veljkovic, Dragoljub"]
[Result "1/2-1/2"]
[WhiteElo "2084"]
[BlackElo "2180"]
[PlyCount "83"]
[EventDate "2010.10.09"]
[EventType "team-tourn"]
[EventRounds "11"]
[EventCountry "YUG"]
[SourceTitle "EXT 2011"]
[Source "ChessBase"]
[SourceDate "2010.11.26"]
[SourceVersion "1"]
[SourceVersionDate "2010.11.26"]
[SourceQuality "1"]

1. e4 c5 2. Nf3 Nc6 3. d4 cxd4 4. Nxd4 Nf6 5. Nc3 e5 6. Ndb5 d6 7. Bg5 a6 8. Na3 b5 9. Nd5 Be7 10. Bxf6 Bxf6 11. c3 0-0 12. Nc2 Rb8 13. Be2 Bg5 14. 0-0 Ne7 15. Ncb4 Bb7 16. Nxe7+ Qxe7 17. Nd5 Qe6 18. a4 Bxd5 19. exd5 Qd7 20. axb5 axb5 21. Ra6 b4 22. Qd3 bxc3 23. Qxc3 Rfc8 24. Rc6 Rxc6 25. dxc6 Qc7 26. Ba6 d5 27. Bb7 e4 28. Rd1 Bf6 29. Qb3 d4 30. Qd5 Re8 31. Re1 e3 32. fxe3 dxe3 33. Qd7 Qxd7 34. cxd7 Rd8 35. Kf1 Rxd7 36. Rxe3 g6 37. Rb3 Rd2 38. Ke1 Rxb2 39. Rxb2 Bxb2 40. Kf2 Kg7 41. Kf3 f5 42. g4 1/2-1/2